Sons of Anarchy characters Quiz Stats

 Plays Quiz not verified by Sporcle

Challenge
Share
Tweet
Embed
Score 0/23 Timer 06:00
0 Plays Today
% Correct
Jackson 'Jax' Teller
98.5%
Clarence 'Clay' Morrow
97.1%
Gemma Morrow
92.7%
Harry 'Opie' Winston
92.1%
Alex 'Tig' Trager
89.4%
Tara Knowles
89.2%
Bobby 'Elvis' Munson
85.4%
Juan Carlos 'Juice' Ortiz
84%
'Big' Otto Delaney
83.7%
Kip 'Half-Sack' Epps
82.3%
Abel Teller
79.2%
Filip 'Chibs' Telford
79%
% Correct
Piermont 'Piney' Winston
75.8%
Wayne Unser
74%
David Hale
70.2%
Luann Delaney
61.3%
Wendy Case
59.5%
Agent Stahl
57.1%
Ernest Darby
38.5%
Laroy
32.9%
Floyd
23.6%
Elliot Oswald
22.4%
Vic Trammel
14.2%

You're not logged in!

Compare scores with friends on all Sporcle quizzes.
OR
Log In

You Might Also Like...

Show Comments

Extras

Created Oct 11, 2009ReportNominate
Tags:anarchy, character, son

Top Quizzes Today


Score Distribution

Your Account Isn't Verified!

In order to create a playlist on Sporcle, you need to verify the email address you used during registration. Go to your Sporcle Settings to finish the process.

Report this User

Report this user for behavior that violates our Community Guidelines.

Details: